| 000 | 00734cam a22002292 4500 | ||
|---|---|---|---|
| 001 | 0000020353 | ||
| 005 | 20151217145924.0 | ||
| 008 | 110913s xx 000 0 eng d | ||
| 020 | _a0072827416 | ||
| 040 |
_aKABU _cKABU |
||
| 100 | 1 |
_aWidmaier, Eric P. _@0000181437 |
|
| 245 | 1 | 0 |
_aVander's human physiology : _bthe mechanisms of body function / _cEric P. Widmaier, Hershel Raff, Kevin T. Strang. |
| 250 | _a10th ed. | ||
| 260 |
_aBoston : _bMcGraw-Hill, _c2006. |
||
| 300 | _axxxi, 827 p. | ||
| 650 | 0 |
_aHuman physiology. _@0000155597 |
|
| 700 | 1 |
_aRaff, Hershel. _@0000181438 |
|
| 700 | 1 |
_aStrang, Kevin T. _@0000181439 |
|
| 852 | 1 | _9p2350 KES | |
| 908 | _a110913 | ||
| 950 | _@1 | ||
| 999 |
_c4101 _d4101 |
||